| 000 | 00597nam a2200229 a 4500 | ||
|---|---|---|---|
| 001 | 0001-0983 | ||
| 003 | ELIB.Books | ||
| 008 | 141009 2010 eng | ||
| 020 | _a13: 9780890516410 | ||
| 035 | _a(ELIB.Books)0001-1137 | ||
| 092 |
_a220 _bGit |
||
| 100 | _aGitt, Werner. | ||
| 245 | _aIn the Beginning was Information | ||
| 260 |
_aKBTS; Insein _bKaren Baptist Theological Seminary _c2007 |
||
| 300 |
_a264 _c21.5 Cm |
||
| 650 | _aBible | ||
| 856 |
_nKBTS; Library _uKBTS; Elib. |
||
| 942 |
_2ddc _cBK |
||
| 990 | _a1 | ||
| 998 |
_cbat _e2014-10-09 |
||
| 999 |
_c10983 _d10983 |
||